Welcome to CU Library Online Public Access Catalogue (OPAC)

Brocklehurst's Textbook of Geriatric Medicine and Gerontology/ (Record no. 3743)

MARC details
000 -LEADER
fixed length control field 00549nam a22001697a 4500
005 - DATE AND TIME OF LATEST TRANSACTION
control field 20250209131422.0
008 - FIXED-LENGTH DATA ELEMENTS--GENERAL INFORMATION
fixed length control field 250209b |||||||| |||| 00| 0 eng d
020 ## - INTERNATIONAL STANDARD BOOK NUMBER
International Standard Book Number 9780443070877
050 ## - LIBRARY OF CONGRESS CALL NUMBER
Classification number RC952
Item number .B75
245 ## - TITLE STATEMENT
Title Brocklehurst's Textbook of Geriatric Medicine and Gerontology/
Statement of responsibility, etc. edited by Raymond C. Tallis & Howard M. Fillit
250 ## - EDITION STATEMENT
Edition statement 6th ed.
260 ## - PUBLICATION, DISTRIBUTION, ETC.
Place of publication, distribution, etc. London
Name of publisher, distributor, etc. Churchill Livingstone
Date of publication, distribution, etc. 2003
300 ## - PHYSICAL DESCRIPTION
Extent 1568p.
Other physical details ill. some color
Dimensions 28.5cm
700 ## - ADDED ENTRY--PERSONAL NAME
Personal name Tallis, Raymond C.
700 ## - ADDED ENTRY--PERSONAL NAME
Personal name Fillit, Howard M.
942 ## - ADDED ENTRY ELEMENTS (KOHA)
Source of classification or shelving scheme Library of Congress Classification
Koha item type Books
Edition 6th ed.
Suppress in OPAC No
999 ## -
-- 3743
-- 3743
Holdings
Withdrawn status Lost status Source of classification or shelving scheme Damaged status Not for loan Collection Home library Current library Shelving location Date acquired Total checkouts Full call number Barcode Date last seen Copy number Price effective from Koha item type
    Library of Congress Classification     Non-fiction Science Library (Miotso) Science Library (Miotso) General stacks 02/09/2025   RC952 .B75 BRO SLM00003353 02/09/2025 1 02/09/2025 Books
© 2023-2024 Copyright: Central University Libraries. All Rights Reserved | Created by: Mahone Tech Office